Maths - Divide by 3 - Sudden Death - Statistics

General Stats
  • This quiz has been taken 163 times
  • The average score is 14 of 20
Answers on the Grid
Answers color-coded by a green-red scale on the quiz's grid according to % correct below.
1002
1001
999
921
843
801
783
673
537
444
351
312
288
281
276
222
153
145
123
118
111
102
100
89
74
72
56
48
46
15
 
Answer Stats
Answer % Correct
999
92%
921
86%
15
81%
312
76%
1002
75%
48
75%
72
74%
843
72%
153
71%
801
69%
102
68%
111
68%
123
67%
537
67%
783
67%
351
65%
444
65%
276
64%
288
64%
222
61%
No matching quizzes found
Score Distribution
Percent of People with Each Score
Percentile by Number Answered
Your Score History
You have not taken this quiz